| 000 | 01213cad a22001935a 4500 | ||
|---|---|---|---|
| 001 | L151658 | ||
| 008 | 101125s2010 xxk f 000 0 eng d | ||
| 035 | _a(Sirsi) u151658 | ||
| 041 | 0 | _aeng | |
| 110 | 2 | _aZero Carbon Hub | |
| 245 | 0 | 0 |
_aCarbon compliance for tomorrow's new homes _ba review of the modelling tool and assumptions, overview of findings and recommendations _h[electronic resource] |
| 260 |
_a[S.l.] _bZero Carbon Hub _c2010 |
||
| 520 | _aReports on the findings of an expert task group, facilitated by the Zero Carbon Hub, to consider whether the existing carbon compliance tool, the assumptions on which it is based and the regulatory framework surrounding it are appropriate for low energy or zero carbon homes. The report was prepared primarily to inform government and the 2016 Task Force, the Senior Government/Industry steering group overseeing the implementation of the zero carbon new homes from 2016. | ||
| 590 | _aKA NTK | ||
| 651 | 4 |
_aUnited Kingdom _y |
|
| 690 | _aBUILT ENVIRONMENT-SUSTAINABLE CONSTRUCTION | ||
| 856 | 4 | 0 |
_uhttps://www.zerocarbonhub.org/resourcefiles/CARBON_COMPLIANCE_GREEN_OVERVIEW_18Aug.pdf _zView this item free of charge at www.zerocarbonhub.org |
| 942 | _n0 | ||
| 999 |
_c111520 _d111520 |
||